King of the Cloud Forests (Запис № 17982)

000 -Маркер запису
Контрольне поле сталої довжини 01308nam a22002417a 4500
003 - Належність контрольного номера
Контрольне поле Uzh_bibl
008 - Кодовані дані
Контрольне поле сталої довжини 260525b |||||||| |||| 00| 0 ukr d
020 ## - Індекс ISBN
ISBN 978-1-4052-5592-9
Ціна 100.00
040 ## - Джерело каталогіз.
Код мови каталог. укр.
041 ## - Код мови видання
Код мови оригіналу англійська
Код мови тексту англійська
080 ## - Індекс УДК
Індекс УДК 821(410)
090 ## - Шифри
Поличний індекс 821(410)
Авторський знак М 83
100 ## - Автор
Автор Morpurgo, Michael
245 ## - Назва
Назва King of the Cloud Forests
Фізичний носій Text
260 ## - Вихідні дані
Місце видання London
Видавництво Egmont UK Limited
Дата видання 2010
300 ## - Фізичний опис
Обсяг 168 s.
520 ## - Анотація
Анотація Після порятунку в горах Тибету майже людським плем'ям, яке шанує його як бога, Ешлі доводиться обирати між поверненням до насильства села, звідки він втік, і випробуваннями мужності, що чекають на нього як на бога племені.After being rescued in the mountains of Tibet by a near-human tribe who revere him as a god, Ashley must choose between returning to the violence of the village he fled and the tests of courage that await him as the tribe's god.
521 ## - Примітка про цільове призначення
Примітка про цільове призначення Для підлітків
525 ## - Примітка про додаток
Примітка про додаток Для старшого шкільного віку
546 ## - Примітка про мову
Примітка про мову укр.
650 ## - Тематичні рубрики
Основна рубрика Літературно-художне видання
942 ## - ADDED ENTRY ELEMENTS (KOHA)
Джерело класифікації чи схема поличного розташування
Koha item type Книги
Фонди
Статус вилучення Статус втрати/відсутності Джерело класифікації чи схема поличного розташування Статус пошкодження Тип обігу (не для випозичання) Постійне розташування Поточне розташування Дата надходження Джерело надходження (постачальник) Інвентарний номер Total Checkouts Повний (примірниковий) шифр зберігання Штрих-код Date last seen Дата, для якої чинна ціна заміни Тип одиниці (рівень примірника)
          Бібліотека-філія № 1 для дітей Бібліотека-філія № 1 для дітей 23/04/2026 Подаровані 80875   821(410) 19442 27/05/2026 27/05/2026 Книги

Працює на АБІС Коха